| 000 | 00801cam a2200181 4500 | ||
|---|---|---|---|
| 001 | X105465 | ||
| 008 | 000000n2000 000 0 eng u | ||
| 035 | _a(Sirsi) u105465 | ||
| 245 | _aSimpson v Fergus | ||
| 260 | _c2000 | ||
| 490 |
_aProperty, Planning and Compensation Reports _v79 P&CR 398-403(6) |
||
| 520 | _aCA 15 October 1999. Land law-Vehicular access to properties via service road-Residents had private rights of way over road-No one had good paper title-One Resident marked off parking spaces and erected "no parking" signs- Whether exclusinve possession acquired-Whether cause of actin in trespass (Headnote from journal aritlce) | ||
| 650 | _aSIMPSON V FERGUS | ||
| 650 | _aVEHICULAR ACCESS | ||
| 650 | _aSERVICE ROAD | ||
| 690 | _aPROPERTY AND LAND LAW-CASE LAW | ||
| 942 | _n0 | ||
| 999 |
_c100403 _d100403 |
||